000 00610nam a22002177a 4500
003 OSt
008 260629b |||||||| |||| 00| 0 eng d
020 _a978-0443157233
082 _a632.5
_bZ71F
100 _aZimdahl, Rober L.
245 _aFundamentals of Weed Science
_cZimdahl, Rober L.
260 _aUnited Kingdom
_bAcademic Press is an imprint of Elsevier
_c2024
300 _axvi., 560p.
365 _e11553.00, INR
650 _aWeeds $x Control.
650 _aWeed science.
650 _aPlant diseases.
650 _aWeeds $x Control.
700 _aBasinger, Nicholas T.
942 _2ddc
_cBK
999 _c52491
_d52491